000 00478cam a2200169 4500500
005 20260111102008.0
041 _afre
042 _adc
100 1 0 _aAmiel, Paule
_eauthor
700 1 0 _aJouve, Alain
_eauthor
700 1 0 _aTeil, Pierre
_eauthor
245 0 0 _aIntroduction
260 _c2005.
500 _a47
786 0 _nEmpan | 57 | 1 | 2005-03-01 | p. 10-11 | 1152-3336
856 4 1 _uhttps://shs.cairn.info/revue-empan-2005-1-page-10?lang=fr&redirect-ssocas=7080
999 _c1629735
_d1629735